| 000 | 01899nam0a2200301 4500 | ||
|---|---|---|---|
| 001 | RU\NLR\bibl\734693 | ||
| 005 | 20260407143718.0 | ||
| 010 | _a5-246-00774-X | ||
| 021 |
_aRU _b2004-80749 _93985 |
||
| 035 | _a(NLR Aleph) 000724623 | ||
| 090 |
_a724502 _c724502 |
||
| 100 | _a20050314d2004 |||y0rusy50 ca | ||
| 101 | 0 | _arus | |
| 102 | _aRU | ||
| 105 | _aa ||||||||| | ||
| 200 | 1 |
_aБизнес-карта-2004. Промышленность. [Регион.] Россия. [Деловые справочники] Т. 2 _iСибирский федеральный округ: административно-управленческие структуры, социально-экономическое положение: Иркутская область, Красноярский край, Республика Бурятия, Республика Тыва, Республика Хакасия, Читинская область _fАгентство деловой информации [Бизнес-карта] |
|
| 210 |
_aМ. _cАДИ "Бизнес-карта" _d2004 |
||
| 215 |
_a510,[1] с. _cкарт. _d20 |
||
| 300 | _aНа обл. только частное загл. тома в сокр. виде | ||
| 320 | _aУказатели: Алф. по видам продукции и услуг, Алф. по видам сырья и материалов, использ. предприятиями, Алф. предприятий по обл., краям, респ.: с. 5-76 | ||
| 606 | 1 |
_aПромышленность _jБизнес-карты _yСибирь _9955023 _3RU\NLR\auth\6636803 |
|
| 686 | _aУ30(2Р5)я2 | ||
| 712 | 0 | 2 |
_4570 _a"Бизнес-карта", агентство деловой информации _cМосква _3RU\NLR\AUTH\8810016251 _9530346 |
| 801 | 0 |
_aRU _bNLR _c20050314 _gPSBO |
|
| 801 | 1 |
_aRU _bNLR _c20050314 |
|
| 942 | _cBOOK | ||
| 980 | _aNB | ||